| 000 | 01023nac a22002897a 4500 | ||
|---|---|---|---|
| 001 | BR8703197 | ||
| 003 | BR-BrBNA | ||
| 005 | 20240105120506.0 | ||
| 008 | 230509b bl.|||m| |||| 00| 0 por d | ||
| 040 |
_aBR-BrBNA _bpor _cBiblioteca Nacional de Agricultura |
||
| 072 | _aF01 | ||
| 090 | _a1410 BR8703197 | ||
| 100 | 1 | _aBarros, W. (comp.) | |
| 100 | 1 | _aFigueiredo, M. de S. | |
| 100 | 1 | _aVieira, C. | |
| 110 | 1 |
_aUniversidade Federal de Vicosa, MG (Brasil). Centro de Ensino de Extensao; _910968 |
|
| 110 | 1 |
_aAssociacao de Credito e Assistencia Rural, Belo Horizonte, MG (Brasil) _9511 |
|
| 245 | 1 |
_aFeijao. Desbaste na cultura do feijoeiro - comum _bConvenio U.F.V./ABCAR |
|
| 260 | 3 |
_aVicosa, MG (Brasil): _c1973. |
|
| 300 | _a3 p. | ||
| 490 |
_aSerie Extensao Rural - Universidade Federal de Vicosa (Brazil) _vno. 3 _x |
||
| 500 | _aReprint of "Revista Ceres", 15(83)p. 40-43, 1972 | ||
| 650 | _aFEIJAO | ||
| 650 | _aDESBASTE | ||
| 909 |
_a202312 _bLúcia Elande _c55 _dLúcia Elande |
||
| 942 |
_2AGRIS _n0 _cMS |
||
| 999 |
_c279745 _d279745 |
||